[Event "DVM U14 2023"]
[Site "Magdeburg GER"]
[Date "2023.12.29"]
[Round "5"]
[White "Weidemann, Max"]
[Black "Schimann, Kirill"]
[Result "1-0"]
[Termination "normal"]
[Board "6.3"]
[WhiteElo "1222"]
[BlackElo "1511"]
[WhiteClock "00:00:35"]
[BlackClock "00:04:58"]
[WhiteTeam "Vorwärts Orient Mainz"]
[BlackTeam "SV Stuttgart-Wolfbusch 1956"]
[PlyCount "95"]
[WhiteFideId "34617000"]
[BlackFideId "16296338"]
[EventCountry "GER"]
[EventRounds "7"]
[EventType "team-swiss"]
[EventDate "2023.12.26"]

1. e4 {[%clk 01:30:57]} {[%emt 00:00:03]} c6 {[%clk 01:30:54]} {[%emt
00:00:06]} 2. Nc3 {[%clk 01:31:05]} {[%emt 00:00:23]} d5 {[%clk 01:31:19]}
{[%emt 00:00:05]} 3. Nf3 {[%clk 01:31:31]} {[%emt 00:00:03]} dxe4 {[%clk
01:31:41]} {[%emt 00:00:07]} 4. Nxe4 {[%clk 01:31:56]} {[%emt 00:00:05]} Bf5
{[%clk 01:30:47]} {[%emt 00:01:25]} 5. Ng3 {[%clk 01:32:13]} {[%emt 00:00:13]}
Bg6 {[%clk 01:30:47]} {[%emt 00:00:30]} 6. h4 {[%clk 01:32:33]} {[%emt
00:00:09]} h6 {[%clk 01:29:56]} {[%emt 00:01:20]} 7. Ne5 {[%clk 01:31:23]}
{[%emt 00:01:40]} Qd6 {[%clk 01:22:37]} {[%emt 00:07:48]} 8. Nxg6 {[%clk
01:27:35]} {[%emt 00:04:20]} Qxg6 {[%clk 01:22:23]} {[%emt 00:00:44]} 9. d4
{[%clk 01:25:59]} {[%emt 00:02:06]} Qd6 {[%clk 01:19:17]} {[%emt 00:03:32]} 10.
c3 {[%clk 01:20:05]} {[%emt 00:06:28]} Nf6 {[%clk 01:17:59]} {[%emt 00:01:48]}
11. Bd3 {[%clk 01:19:31]} {[%emt 00:01:03]} e6 {[%clk 01:17:12]} {[%emt
00:01:17]} 12. Qf3 {[%clk 01:17:42]} {[%emt 00:02:20]} Qd5 {[%clk 01:13:46]}
{[%emt 00:03:52]} 13. Ne4 {[%clk 01:10:08]} {[%emt 00:08:08]} Nbd7 {[%clk
01:10:24]} {[%emt 00:03:52]} 14. Bf4 {[%clk 01:07:20]} {[%emt 00:03:18]} Nxe4
{[%clk 01:09:32]} {[%emt 00:01:22]} 15. Bxe4 {[%clk 01:05:02]} {[%emt
00:02:48]} Qb5 {[%clk 01:08:52]} {[%emt 00:01:10]} 16. b3 {[%clk 00:56:14]}
{[%emt 00:09:19]} Nf6 {[%clk 01:07:19]} {[%emt 00:02:02]} 17. Bd3 {[%clk
00:55:51]} {[%emt 00:00:54]} Qa5 {[%clk 01:06:54]} {[%emt 00:00:53]} 18. O-O
{[%clk 00:45:53]} {[%emt 00:10:29]} Qxc3 {[%clk 00:56:56]} {[%emt 00:10:28]}
19. Be5 {[%clk 00:23:38]} {[%emt 00:22:45]} Nd5 {[%clk 00:52:34]} {[%emt
00:04:51]} 20. Rfc1 {[%clk 00:19:56]} {[%emt 00:04:13]} Qa5 {[%clk 00:50:02]}
{[%emt 00:03:01]} 21. Be4 {[%clk 00:16:56]} {[%emt 00:03:31]} Rd8 {[%clk
00:45:02]} {[%emt 00:05:29]} 22. a3 {[%clk 00:12:13]} {[%emt 00:05:14]} Rd7
{[%clk 00:43:11]} {[%emt 00:02:21]} 23. b4 {[%clk 00:05:35]} {[%emt 00:07:08]}
Qd8 {[%clk 00:43:24]} {[%emt 00:00:17]} 24. Qg3 {[%clk 00:04:50]} {[%emt
00:01:15]} Nf6 {[%clk 00:41:27]} {[%emt 00:02:26]} 25. Bf3 {[%clk 00:04:16]}
{[%emt 00:01:05]} Rg8 {[%clk 00:39:15]} {[%emt 00:02:42]} 26. b5 {[%clk
00:04:07]} {[%emt 00:00:40]} cxb5 {[%clk 00:33:25]} {[%emt 00:06:18]} 27. Bc7
{[%clk 00:03:17]} {[%emt 00:01:21]} Qa8 {[%clk 00:25:01]} {[%emt 00:08:53]} 28.
Be5 {[%clk 00:01:59]} {[%emt 00:01:49]} Nd5 {[%clk 00:24:01]} {[%emt 00:01:30]}
29. Bxd5 {[%clk 00:01:50]} {[%emt 00:00:39]} Rxd5 {[%clk 00:23:47]} {[%emt
00:00:44]} 30. Rc7 {[%clk 00:02:05]} {[%emt 00:00:15]} b4 {[%clk 00:17:46]}
{[%emt 00:06:31]} 31. Rac1 {[%clk 00:01:53]} {[%emt 00:00:41]} Rd8 {[%clk
00:17:39]} {[%emt 00:00:38]} 32. axb4 {[%clk 00:01:59]} {[%emt 00:00:24]} Bxb4
{[%clk 00:17:34]} {[%emt 00:00:34]} 33. Bf6 {[%clk 00:01:54]} {[%emt 00:00:35]}
Bd6 {[%clk 00:16:18]} {[%emt 00:01:47]} 34. Qc3 {[%clk 00:00:32]} {[%emt
00:01:52]} Bxc7 {[%clk 00:15:40]} {[%emt 00:01:07]} 35. Bxd8 {[%clk 00:00:34]}
{[%emt 00:00:28]} Bxd8 {[%clk 00:15:55]} {[%emt 00:00:15]} 36. Qf3 {[%clk
00:00:34]} {[%emt 00:00:30]} g5 {[%clk 00:11:44]} {[%emt 00:04:58]} 37. Rb1
{[%clk 00:00:35]} {[%emt 00:00:12]} Bb6 {[%clk 00:11:17]} {[%emt 00:00:56]} 38.
d5 {[%clk 00:00:34]} {[%emt 00:00:32]} Ke7 {[%clk 00:09:51]} {[%emt 00:01:56]}
39. d6+ {[%clk 00:00:39]} {[%emt 00:00:25]} Kxd6 {[%clk 00:09:38]} {[%emt
00:00:43]} 40. Qxf7 {[%clk 00:00:59]} {[%emt 00:00:09]} Qf8 {[%clk 00:07:51]}
{[%emt 00:02:18]} 41. Rd1+ {[%clk 00:00:39]} {[%emt 00:00:50]} Kc5 {[%clk
00:27:29]} {[%emt 00:10:50]} 42. Qxe6 {[%clk 00:29:44]} {[%emt 00:01:26]} Kb4
{[%clk 00:09:09]} {[%emt 00:18:51]} 43. Qe4+ {[%clk 00:02:34]} {[%emt
00:27:40]} Kb5 {[%clk 00:07:55]} {[%emt 00:01:43]} 44. Qd5+ {[%clk 00:02:09]}
{[%emt 00:00:55]} Qc5 {[%clk 00:05:06]} {[%emt 00:03:20]} 45. Rb1+ {[%clk
00:02:14]} {[%emt 00:00:25]} Ka6 {[%emt 00:00:27]} 46. Qa2+ {[%clk 00:00:36]}
{[%emt 00:02:07]} Ba5 {[%clk 00:04:58]} {[%emt 00:00:42]} 47. Qe6+ {[%clk
00:00:34]} {[%emt 00:00:32]} Bb6 {[%emt 00:01:02]} 48. Qe2+ {[%clk 00:00:35]}
1-0

[Event "DVM U14 2023"]
[Site "Magdeburg GER"]
[Date "2023.12.29"]
[Round "5"]
[White "Schmidt, Jan"]
[Black "Wolf, Noah"]
[Result "1/2-1/2"]
[Termination "normal"]
[Board "6.4"]
[WhiteElo "1416"]
[BlackElo "1364"]
[WhiteClock "00:32:06"]
[BlackClock "00:14:40"]
[WhiteTeam "SV Stuttgart-Wolfbusch 1956"]
[BlackTeam "Vorwärts Orient Mainz"]
[PlyCount "83"]
[WhiteFideId "34625682"]
[BlackFideId "34616985"]
[EventCountry "GER"]
[EventRounds "7"]
[EventType "team-swiss"]
[EventDate "2023.12.26"]

1. e4 {[%clk 01:30:59]} c5 {[%clk 01:30:53]} {[%emt 00:00:07]} 2. Nc3 {[%clk
01:31:25]} {[%emt 00:00:04]} Nc6 {[%clk 01:31:13]} {[%emt 00:00:11]} 3. Nge2
{[%clk 01:31:45]} {[%emt 00:00:08]} Nf6 {[%clk 01:31:22]} {[%emt 00:00:21]} 4.
g3 {[%clk 01:31:55]} {[%emt 00:00:20]} e5 {[%clk 01:30:57]} {[%emt 00:00:55]}
5. Bg2 {[%clk 01:31:16]} {[%emt 00:01:09]} d6 {[%clk 01:31:11]} {[%emt
00:00:15]} 6. O-O {[%clk 01:31:25]} {[%emt 00:00:22]} Be7 {[%clk 01:31:29]}
{[%emt 00:00:11]} 7. Nd5 {[%clk 01:31:10]} {[%emt 00:00:45]} O-O {[%clk
01:31:39]} {[%emt 00:00:21]} 8. Nec3 {[%clk 01:27:01]} {[%emt 00:04:39]} a6
{[%clk 01:25:13]} {[%emt 00:06:56]} 9. a4 {[%clk 01:27:05]} {[%emt 00:00:26]}
Rb8 {[%clk 01:21:45]} {[%emt 00:03:58]} 10. d3 {[%clk 01:26:05]} {[%emt
00:01:30]} b5 {[%emt 00:03:53]} 11. axb5 {[%clk 01:26:19]} {[%emt 00:00:13]}
axb5 {[%clk 01:18:47]} {[%emt 00:00:09]} 12. Nxe7+ {[%clk 01:26:13]} {[%emt
00:00:36]} Qxe7 {[%clk 01:18:34]} {[%emt 00:00:43]} 13. Bg5 {[%clk 01:26:22]}
{[%emt 00:00:20]} Qe6 {[%emt 00:05:33]} 14. Nd5 {[%clk 01:24:47]} Nd7 {[%clk
01:15:21]} {[%emt 00:00:45]} 15. Bf3 {[%clk 01:09:40]} {[%emt 00:15:37]} Nb6
{[%clk 01:14:49]} {[%emt 00:01:01]} 16. Rb1 {[%clk 01:08:09]} {[%emt 00:02:02]}
h6 {[%clk 01:13:17]} {[%emt 00:02:01]} 17. Be3 {[%clk 01:05:12]} {[%emt
00:03:27]} Nd4 {[%clk 00:58:58]} {[%emt 00:14:49]} 18. Bg2 {[%clk 01:03:38]}
{[%emt 00:02:05]} Nxd5 {[%clk 00:58:24]} {[%emt 00:01:03]} 19. exd5 {[%clk
01:03:33]} {[%emt 00:00:35]} Qg6 {[%clk 00:57:24]} {[%emt 00:01:27]} 20. Kh1
{[%clk 01:01:48]} {[%emt 00:02:18]} Nf5 {[%clk 00:55:43]} {[%emt 00:02:11]} 21.
Bd2 {[%clk 01:01:39]} {[%emt 00:00:38]} Ne7 {[%clk 00:55:29]} {[%emt 00:00:44]}
22. Ra1 {[%clk 01:01:25]} {[%emt 00:00:46]} Bb7 {[%clk 00:51:30]} {[%emt
00:04:27]} 23. Ra7 {[%clk 00:58:19]} {[%emt 00:03:37]} b4 {[%clk 00:49:40]}
{[%emt 00:02:20]} 24. Re1 {[%clk 00:55:42]} {[%emt 00:03:07]} Qf6 {[%clk
00:44:49]} {[%emt 00:05:20]} 25. Qe2 {[%clk 00:55:37]} {[%emt 00:00:36]} Bxd5
{[%clk 00:44:56]} {[%emt 00:00:23]} 26. f4 {[%clk 00:51:32]} {[%emt 00:04:26]}
Bxg2+ {[%clk 00:44:25]} {[%emt 00:01:09]} 27. Qxg2 {[%clk 00:51:34]} {[%emt
00:00:28]} Nc8 {[%clk 00:44:18]} {[%emt 00:00:37]} 28. Ra6 {[%clk 00:51:26]}
{[%emt 00:00:34]} exf4 {[%clk 00:43:23]} {[%emt 00:01:30]} 29. Bxf4 {[%clk
00:50:29]} {[%emt 00:01:26]} Qxb2 {[%clk 00:43:14]} {[%emt 00:00:39]} 30. Bxd6
{[%clk 00:48:04]} {[%emt 00:02:56]} Nxd6 {[%clk 00:43:14]} {[%emt 00:00:30]}
31. Rxd6 {[%clk 00:48:25]} {[%emt 00:00:08]} Rfe8 {[%clk 00:43:05]} {[%emt
00:00:38]} 32. Rf1 {[%clk 00:47:14]} {[%emt 00:01:41]} Ra8 {[%clk 00:42:17]}
{[%emt 00:01:18]} 33. Rd7 {[%clk 00:45:54]} {[%emt 00:01:51]} Qa2 {[%clk
00:39:07]} {[%emt 00:03:38]} 34. Qf3 {[%clk 00:45:36]} {[%emt 00:00:44]} Rf8
{[%clk 00:37:41]} {[%emt 00:02:02]} 35. Rf2 {[%clk 00:42:30]} {[%emt 00:03:36]}
Qe6 {[%clk 00:36:33]} {[%emt 00:01:37]} 36. Rc7 {[%clk 00:42:02]} {[%emt
00:00:59]} Ra1+ {[%clk 00:29:25]} {[%emt 00:07:35]} 37. Kg2 {[%clk 00:41:48]}
{[%emt 00:00:47]} Ra5 {[%clk 00:29:17]} {[%emt 00:00:38]} 38. Re2 {[%clk
00:38:02]} {[%emt 00:04:14]} Qd6 {[%clk 00:20:42]} {[%emt 00:08:56]} 39. Ree7
{[%clk 00:34:35]} {[%emt 00:04:08]} Qg6 {[%clk 00:19:29]} {[%emt 00:01:42]} 40.
h4 {[%clk 00:33:15]} {[%emt 00:01:51]} Qf6 {[%clk 00:14:53]} {[%emt 00:05:05]}
41. Red7 {[%clk 00:31:51]} {[%emt 00:01:51]} Qxf3+ {[%clk 00:14:40]} {[%emt
00:00:48]} 42. Kxf3 {[%clk 00:32:06]} {[%emt 00:00:14]} 1/2-1/2

[Event "DVM U14 2023"]
[Site "Magdeburg GER"]
[Date "2023.12.29"]
[Round "5"]
[White "Polzin, Gustav"]
[Black "Melestean, Maxim"]
[Result "1-0"]
[Termination "normal"]
[Board "7.1"]
[WhiteElo "1895"]
[BlackElo "1625"]
[WhiteClock "00:27:49"]
[BlackClock "00:25:11"]
[WhiteTeam "USV Halle"]
[BlackTeam "SK König Plauen"]
[PlyCount "65"]
[WhiteFideId "34603280"]
[BlackFideId "16280393"]
[EventCountry "GER"]
[EventRounds "7"]
[EventType "team-swiss"]
[EventDate "2023.12.26"]

1. e4 {[%clk 01:30:58]} {[%emt 00:00:02]} c6 {[%clk 01:30:56]} {[%emt
00:00:05]} 2. d4 {[%clk 01:31:04]} {[%emt 00:00:23]} d5 {[%clk 01:31:22]}
{[%emt 00:00:04]} 3. Nc3 {[%clk 01:31:24]} {[%emt 00:00:10]} dxe4 {[%clk
01:31:46]} {[%emt 00:00:06]} 4. Nxe4 {[%clk 01:31:38]} {[%emt 00:00:16]} Nf6
{[%clk 01:32:12]} {[%emt 00:00:04]} 5. Nxf6+ {[%clk 01:31:34]} {[%emt
00:00:33]} exf6 {[%clk 01:32:39]} {[%emt 00:00:03]} 6. c3 {[%clk 01:31:41]}
{[%emt 00:00:24]} Bd6 {[%clk 01:33:04]} {[%emt 00:00:04]} 7. Bd3 {[%clk
01:32:05]} {[%emt 00:00:06]} O-O {[%clk 01:33:28]} {[%emt 00:00:06]} 8. Qc2
{[%clk 01:32:28]} {[%emt 00:00:07]} Re8+ {[%clk 01:33:55]} {[%emt 00:00:03]} 9.
Ne2 {[%clk 01:32:46]} {[%emt 00:00:12]} h5 {[%clk 01:34:21]} {[%emt 00:00:04]}
10. Be3 {[%clk 01:32:14]} {[%emt 00:01:02]} Nd7 {[%clk 01:34:44]} {[%emt
00:00:07]} 11. O-O-O {[%clk 01:32:39]} {[%emt 00:00:05]} Nf8 {[%clk 01:35:09]}
{[%emt 00:00:05]} 12. c4 {[%clk 01:32:47]} {[%emt 00:00:22]} Be6 {[%clk
01:35:30]} {[%emt 00:00:08]} 13. Nc3 {[%clk 01:32:53]} {[%emt 00:00:24]} Bb4
{[%clk 01:32:28]} {[%emt 00:03:31]} 14. Kb1 {[%clk 01:31:52]} {[%emt 00:01:32]}
Rc8 {[%clk 01:26:16]} {[%emt 00:06:42]} 15. Ne4 {[%clk 01:30:48]} {[%emt
00:01:34]} Be7 {[%clk 01:02:44]} {[%emt 00:24:02]} 16. Be2 {[%clk 01:24:24]}
{[%emt 00:06:54]} g6 {[%clk 00:59:51]} {[%emt 00:03:24]} 17. h3 {[%clk
01:21:25]} {[%emt 00:03:28]} Qa5 {[%clk 00:47:51]} {[%emt 00:12:29]} 18. b3
{[%clk 01:19:33]} {[%emt 00:02:23]} Red8 {[%clk 00:46:45]} {[%emt 00:01:36]}
19. g4 {[%clk 01:19:12]} {[%emt 00:00:51]} h4 {[%clk 00:46:43]} {[%emt
00:00:32]} 20. f3 {[%clk 01:16:40]} {[%emt 00:03:02]} f5 {[%clk 00:45:42]}
{[%emt 00:01:32]} 21. Nc5 {[%clk 01:12:40]} {[%emt 00:04:29]} f4 {[%clk
00:45:13]} {[%emt 00:00:59]} 22. Nxb7 {[%clk 01:11:53]} {[%emt 00:01:17]} Qc7
{[%clk 00:45:08]} {[%emt 00:00:35]} 23. Nxd8 {[%clk 01:12:10]} {[%emt
00:00:13]} fxe3 {[%clk 00:45:33]} {[%emt 00:00:04]} 24. Nxe6 {[%clk 01:12:19]}
{[%emt 00:00:22]} Nxe6 {[%clk 00:46:01]} {[%emt 00:00:02]} 25. Qe4 {[%clk
01:11:06]} {[%emt 00:01:42]} Bg5 {[%clk 00:44:56]} {[%emt 00:01:36]} 26. c5
{[%clk 01:05:20]} {[%emt 00:06:16]} Nf4 {[%clk 00:44:55]} {[%emt 00:00:32]} 27.
Bc4 {[%clk 01:05:38]} {[%emt 00:00:11]} Rd8 {[%clk 00:42:59]} {[%emt 00:02:26]}
28. Rhe1 {[%clk 00:42:49]} {[%emt 00:23:19]} Kf8 {[%clk 00:40:36]} {[%emt
00:02:53]} 29. Qxe3 {[%clk 00:37:56]} {[%emt 00:05:23]} Nxh3 {[%clk 00:40:10]}
{[%emt 00:00:55]} 30. Qc3 {[%clk 00:37:35]} {[%emt 00:00:50]} Kg8 {[%clk
00:26:02]} {[%emt 00:14:38]} 31. d5 {[%clk 00:27:26]} {[%emt 00:10:39]} cxd5
{[%clk 00:24:47]} {[%emt 00:01:46]} 32. Rxd5 {[%clk 00:27:23]} {[%emt
00:00:33]} Rxd5 {[%clk 00:25:11]} {[%emt 00:00:06]} 33. Re8+ {[%clk 00:27:49]}
{[%emt 00:00:04]} 1-0

[Event "DVM U14 2023"]
[Site "Magdeburg GER"]
[Date "2023.12.29"]
[Round "5"]
[White "Akladius, Kyrillus"]
[Black "Patzschke, Carlo"]
[Result "0-1"]
[Termination "normal"]
[Board "7.2"]
[WhiteElo "1342"]
[BlackElo "1636"]
[WhiteClock "00:49:22"]
[BlackClock "00:19:10"]
[WhiteTeam "SK König Plauen"]
[BlackTeam "USV Halle"]
[PlyCount "56"]
[WhiteFideId "16267036"]
[BlackFideId "34617973"]
[EventCountry "GER"]
[EventRounds "7"]
[EventType "team-swiss"]
[EventDate "2023.12.26"]

1. e4 {[%clk 01:30:59]} c5 {[%clk 01:30:54]} {[%emt 00:00:06]} 2. Nf3 {[%clk
01:31:26]} {[%emt 00:00:02]} d6 {[%clk 01:31:18]} {[%emt 00:00:07]} 3. d4
{[%clk 01:31:54]} {[%emt 00:00:02]} cxd4 {[%clk 01:31:42]} {[%emt 00:00:06]} 4.
Nxd4 {[%clk 01:32:21]} {[%emt 00:00:03]} Nf6 {[%clk 01:32:05]} {[%emt
00:00:07]} 5. Nc3 {[%clk 01:32:49]} {[%emt 00:00:02]} a6 {[%clk 01:32:29]}
{[%emt 00:00:06]} 6. f4 {[%clk 01:33:16]} {[%emt 00:00:02]} e6 {[%clk
01:31:26]} {[%emt 00:01:33]} 7. Be3 {[%clk 01:33:30]} {[%emt 00:00:16]} b5
{[%clk 01:30:31]} {[%emt 00:01:26]} 8. Bd3 {[%clk 01:33:36]} {[%emt 00:00:24]}
Bb7 {[%clk 01:30:31]} {[%emt 00:00:30]} 9. a3 {[%clk 01:32:59]} {[%emt
00:01:06]} Nbd7 {[%clk 01:29:20]} {[%emt 00:01:41]} 10. O-O {[%clk 01:33:13]}
{[%emt 00:00:16]} Be7 {[%clk 01:29:00]} {[%emt 00:00:51]} 11. h3 {[%clk
01:32:56]} {[%emt 00:00:46]} Qc7 {[%clk 01:27:09]} {[%emt 00:02:21]} 12. Nf3
{[%clk 01:30:50]} {[%emt 00:02:36]} Nc5 {[%clk 01:23:59]} {[%emt 00:03:40]} 13.
e5 {[%clk 01:26:05]} {[%emt 00:05:15]} Nd5 {[%clk 01:17:29]} {[%emt 00:07:00]}
14. Nxd5 {[%clk 01:26:27]} {[%emt 00:00:09]} Bxd5 {[%clk 01:17:45]} {[%emt
00:00:14]} 15. Bxc5 {[%clk 01:25:56]} {[%emt 00:01:01]} dxc5 {[%clk 01:16:55]}
{[%emt 00:01:20]} 16. Qe1 {[%clk 01:23:52]} {[%emt 00:02:34]} c4 {[%clk
01:10:25]} {[%emt 00:07:01]} 17. Be4 {[%clk 01:24:04]} {[%emt 00:00:17]} Qb6+
{[%clk 00:58:12]} {[%emt 00:12:43]} 18. Kh1 {[%clk 01:24:24]} {[%emt 00:00:09]}
Rd8 {[%clk 00:57:03]} {[%emt 00:01:40]} 19. f5 {[%clk 01:21:23]} {[%emt
00:03:31]} exf5 {[%clk 00:51:44]} {[%emt 00:05:49]} 20. Bxf5 {[%clk 01:21:20]}
{[%emt 00:00:32]} O-O {[%clk 00:50:17]} {[%emt 00:01:57]} 21. c3 {[%clk
01:16:12]} {[%emt 00:05:38]} Rfe8 {[%clk 00:43:34]} {[%emt 00:07:13]} 22. Qg3
{[%clk 01:11:00]} {[%emt 00:05:42]} f6 {[%clk 00:39:14]} {[%emt 00:04:50]} 23.
Qg4 {[%clk 00:53:13]} {[%emt 00:18:16]} Bxf3 {[%clk 00:28:58]} {[%emt
00:10:47]} 24. Rxf3 {[%clk 00:53:15]} {[%emt 00:00:28]} fxe5 {[%clk 00:22:56]}
{[%emt 00:06:33]} 25. Be6+ {[%clk 00:49:57]} {[%emt 00:03:48]} Kh8 {[%clk
00:23:19]} {[%emt 00:00:07]} 26. Rf7 {[%clk 00:50:08]} {[%emt 00:00:19]} Bf6
{[%clk 00:22:54]} {[%emt 00:00:55]} 27. Rf1 {[%clk 00:49:59]} {[%emt 00:00:38]}
Qxe6 {[%clk 00:22:49]} {[%emt 00:00:36]} 28. Qh5 {[%clk 00:49:22]} {[%emt
00:01:08]} Be7 {[%clk 00:19:10]} {[%emt 00:04:09]} 0-1

[Event "DVM U14 2023"]
[Site "Magdeburg GER"]
[Date "2023.12.29"]
[Round "5"]
[White "Neuber, Felix"]
[Black "Rühmer, Nico"]
[Result "0-1"]
[Termination "normal"]
[Board "7.3"]
[WhiteElo "1417"]
[BlackElo "1595"]
[WhiteClock "00:13:56"]
[BlackClock "00:27:50"]
[WhiteTeam "USV Halle"]
[BlackTeam "SK König Plauen"]
[PlyCount "52"]
[WhiteFideId "34617981"]
[BlackFideId "34640339"]
[EventCountry "GER"]
[EventRounds "7"]
[EventType "team-swiss"]
[EventDate "2023.12.26"]

1. e4 {[%clk 01:30:52]} {[%emt 00:00:08]} c5 {[%clk 01:30:51]} {[%emt
00:00:09]} 2. Nf3 {[%clk 01:31:14]} {[%emt 00:00:10]} Nc6 {[%clk 01:31:14]}
{[%emt 00:00:06]} 3. d4 {[%clk 01:31:37]} {[%emt 00:00:08]} cxd4 {[%clk
01:31:28]} {[%emt 00:00:14]} 4. Nxd4 {[%clk 01:32:03]} {[%emt 00:00:05]} Nf6
{[%clk 01:31:39]} {[%emt 00:00:19]} 5. Nc3 {[%clk 01:32:23]} {[%emt 00:00:10]}
d6 {[%clk 01:32:01]} {[%emt 00:00:08]} 6. Be3 {[%clk 01:31:48]} {[%emt
00:01:06]} Ng4 {[%clk 01:32:23]} {[%emt 00:00:08]} 7. Qd2 {[%clk 01:31:33]}
{[%emt 00:00:45]} Nxe3 {[%clk 01:32:32]} {[%emt 00:00:21]} 8. Qxe3 {[%clk
01:31:55]} {[%emt 00:00:08]} e6 {[%clk 01:30:58]} {[%emt 00:02:04]} 9. Be2
{[%clk 01:23:50]} {[%emt 00:08:35]} Be7 {[%clk 01:30:15]} {[%emt 00:01:13]} 10.
Rd1 {[%clk 01:09:04]} {[%emt 00:15:17]} a6 {[%clk 01:28:09]} {[%emt 00:02:35]}
11. a4 {[%clk 01:07:30]} {[%emt 00:02:04]} Qc7 {[%clk 01:26:38]} {[%emt
00:02:00]} 12. O-O {[%clk 01:06:08]} {[%emt 00:01:53]} O-O {[%clk 01:26:46]}
{[%emt 00:00:22]} 13. Bf3 {[%clk 00:59:39]} {[%emt 00:07:00]} Bf6 {[%clk
01:23:59]} {[%emt 00:03:16]} 14. Nxc6 {[%clk 00:53:21]} {[%emt 00:06:48]} bxc6
{[%clk 01:24:12]} {[%emt 00:00:17]} 15. Bg4 {[%clk 00:45:05]} {[%emt 00:08:47]}
c5 {[%clk 01:20:35]} {[%emt 00:04:06]} 16. Bf3 {[%clk 00:40:12]} {[%emt
00:05:24]} Bb7 {[%clk 01:16:17]} {[%emt 00:04:48]} 17. Ne2 {[%clk 00:30:02]}
{[%emt 00:10:40]} Rfd8 {[%clk 01:08:45]} {[%emt 00:08:01]} 18. Rd2 {[%clk
00:28:35]} {[%emt 00:01:58]} h6 {[%clk 01:03:01]} {[%emt 00:06:14]} 19. Qd3
{[%clk 00:21:34]} {[%emt 00:07:30]} Rab8 {[%clk 00:51:50]} {[%emt 00:11:41]}
20. Rb1 {[%clk 00:19:26]} {[%emt 00:02:39]} a5 {[%clk 00:49:54]} {[%emt
00:02:25]} 21. c3 {[%clk 00:18:45]} {[%emt 00:01:12]} Bc6 {[%clk 00:47:38]}
{[%emt 00:02:46]} 22. Ng3 {[%clk 00:17:43]} {[%emt 00:01:32]} Bxa4 {[%clk
00:40:17]} {[%emt 00:07:51]} 23. Ra1 {[%clk 00:14:38]} {[%emt 00:03:36]} Bc6
{[%clk 00:38:35]} {[%emt 00:02:10]} 24. Be2 {[%clk 00:14:47]} {[%emt 00:00:22]}
Bg5 {[%clk 00:35:00]} {[%emt 00:04:05]} 25. Rc2 {[%clk 00:14:08]} {[%emt
00:01:09]} a4 {[%clk 00:31:39]} {[%emt 00:03:51]} 26. Rf1 {[%clk 00:13:56]}
{[%emt 00:00:42]} d5 {[%clk 00:27:50]} {[%emt 00:04:15]} 0-1